Memoria de la Junta Directiva correspondiente al décimo aniversario, celebrado el día 20 de diciembre de 1859 / (Record no. 163063)

MARC details
000 -LEADER
campo de control de longitud fija 01023nam a2200205 i 4500
001 - NÚMERO DE CONTROL
campo de control 163063
003 - IDENTIFICADOR DE NÚMERO DE CONTROL
campo de control ES-MaACL
005 - FECHA Y HORA DE LA ÚLTIMA TRANSACCIÓN
campo de control 20250806054529.0
008 - DATOS DE LONGITUD FIJA--INFORMACIÓN GENERAL
campo de control de longitud fija 931025s1859 sp |||| | spa d
110 2# - ENTRADA PRINCIPAL--NOMBRE DE ENTIDAD CORPORATIVA
Nombre de entidad corporativa o nombre de jurisdicción como elemento de entrada Academia Médico-Quirúrgica Matritense.
9 (RLIN) 1210
245 10 - MENCIÓN DEL TÍTULO
Título Memoria de la Junta Directiva correspondiente al décimo aniversario, celebrado el día 20 de diciembre de 1859 /
Mención de responsabilidad, etc. leída por el secretario de gobierno José Molina Castell.
260 ## - PUBLICACIÓN, DISTRIBUCIÓN, ETC.
Lugar de publicación, distribución, etc. Madrid :
Nombre del editor, distribuidor, etc. [s.n.],
Fecha de publicación, distribución, etc. 1859 (
Fabricante Imp. de Manuel Galiano)
300 ## - DESCRIPCIÓN FÍSICA
Extensión 37 p. ;
Dimensiones 24 cm.
505 8# - NOTA DE CONTENIDO CON FORMATO
Nota de contenido con formato Contiene: De las causas que produjeron la decadencia de la medicina española / discurso de José Ametller
650 #7 - PUNTO DE ACCESO ADICIONAL DE MATERIA--TÉRMINO DE MATERIA
Término de materia o nombre geográfico como elemento de entrada Medicina-
Subdivisión geográfica España-
Subdivisión cronológica S.XIX
Fuente del encabezamiento o término
9 (RLIN) 147760
700 1# - ENTRADA AGREGADA--NOMBRE PERSONAL
Nombre de persona Molina Castell, José.
9 (RLIN) 130022
700 1# - ENTRADA AGREGADA--NOMBRE PERSONAL
Nombre de persona Ametller y Viñas, José.
9 (RLIN) 125655
852 4# - LOCALIZACIÓN
Ubicación ES-MaACL
Número de control de estantería T-351-F-13
Nota libre - Enc. hol., falto de cub. original
-- - Enc. en un vol. facticio
-- - Dedicatoria ms. de Joaquín Berrueca a los Escolares Médicos
Holdings
Estatus retirado Estado de pérdida Estado de daño No para préstamo Colección Biblioteca de origen Biblioteca actual Ubicación en estantería Fecha de adquisición Total de préstamos Signatura topográfica completa Código de barras Visto por última vez Precio de reemplazo Tipo de ítem Koha
        Colección de folletos Biblioteca del Ateneo de Madrid Biblioteca del Ateneo de Madrid Depósito folletos 17/01/2008   T-351-F-13 1170864 23/02/2023 23/02/2023 Folleto